[Event "2.BLO 1516 Bad Mergentheim - SC Garchin"]
[Site "?"]
[Date "2015.09.20"]
[Round "1.1"]
[White "Stocek, Jiri"]
[Black "Ikonnikov, Vyacheslav"]
[Result "1/2-1/2"]
[WhiteElo "2562"]
[BlackElo "2518"]
[PlyCount "89"]
[EventDate "2015.??.??"]

1. Nf3 Nf6 2. c4 e6 3. g3 b6 4. Bg2 Bb7 5. d4 Bb4+ 6. Bd2 a5 7. O-O O-O 8. Bg5
Be7 9. Bxf6 Bxf6 10. Nc3 d6 11. Qc2 g6 12. Rad1 Nd7 13. Nb5 Bg7 14. Nh4 Bxg2
15. Nxg2 Nf6 16. e4 c6 17. Nc3 Qc7 18. Qe2 a4 19. Rd2 Qb7 20. Rfd1 Rfd8 21. e5
Ne8 22. f4 Qa6 23. Ne3 d5 24. cxd5 cxd5 25. Qxa6 Rxa6 26. Rc2 f6 27. Ne2 b5 28.
Rdc1 Kf7 29. Rc6 Rda8 30. Rxa6 Rxa6 31. Rc5 b4 32. Rb5 Bf8 33. Rb7+ Kg8 34. Nc2
a3 35. Nxb4 Bxb4 36. Rxb4 axb2 37. Rxb2 fxe5 38. fxe5 h5 39. h3 g5 40. Kf2 Ra3
41. h4 gxh4 42. gxh4 Ng7 43. Nf4 Ra4 44. Kf3 Nf5 45. Rb8+ 1/2-1/2

[Event "2.BLO 1516 Bad Mergentheim - SC Garchin"]
[Site "?"]
[Date "2015.09.20"]
[Round "1.2"]
[White "Karpatchev, Aleksandr"]
[Black "Loetscher, Roland"]
[Result "1-0"]
[WhiteElo "2469"]
[BlackElo "2420"]
[PlyCount "125"]
[EventDate "2015.??.??"]

1. e4 e5 2. Nf3 Nc6 3. Bc4 Bc5 4. c3 Nf6 5. d4 exd4 6. e5 d5 7. Bb5 Ne4 8. cxd4
Bb6 9. Nc3 O-O 10. Be3 f5 11. g3 Ne7 12. h4 Bd7 13. Bd3 Be8 14. Ng5 Qd7 15.
Ngxe4 fxe4 16. Be2 Nf5 17. Bg4 Bf7 18. Qa4 c6 19. O-O-O Be6 20. Bf4 Ne7 21. Be2
Bg4 22. Qc2 Rac8 23. Na4 Bxe2 24. Qxe2 Ng6 25. Be3 Rf3 26. Kb1 Nf8 27. Qd2 Ne6
28. Qb4 Bd8 29. Nc3 Be7 30. Qb3 Rd8 31. Ka1 Kh8 32. Qc2 Bb4 33. Ne2 Re8 34. Nf4
Ba5 35. Nh3 Bd8 36. Ng1 Rf7 37. Nh3 Kg8 38. a3 Be7 39. Kb1 a5 40. Ka1 Ra8 41.
Qe2 a4 42. Nf4 Nxf4 43. gxf4 b5 44. Ka2 b4 45. axb4 Bxb4 46. Rhg1 Qe6 47. Rc1
Be7 48. Qg4 Qxg4 49. Rxg4 Ra6 50. Rcg1 h5 51. R4g2 Bxh4 52. f5 Raa7 53. Rh2
Rxf5 54. Rxh4 Kh7 55. Rh2 g6 56. Rhg2 Rg7 57. e6 Rf6 58. e7 Re6 59. Bg5 Rg8 60.
Rg3 Rb8 61. Rc3 Kg7 62. Rgc1 Kf7 63. Rxc6 1-0

[Event "2.BLO 1516 Bad Mergentheim - SC Garchin"]
[Site "?"]
[Date "2015.09.20"]
[Round "1.3"]
[White "Koepke, Christian"]
[Black "Ivanov, Mikail"]
[Result "1/2-1/2"]
[WhiteElo "2317"]
[BlackElo "2396"]
[PlyCount "30"]
[EventDate "2015.??.??"]

1. e4 c6 2. d4 d5 3. Nd2 h6 4. Ngf3 dxe4 5. Nxe4 Bf5 6. Nc5 b6 7. Nd3 Nd7 8.
Nde5 Rc8 9. Bd3 Bxd3 10. Qxd3 e6 11. O-O Ngf6 12. Re1 Be7 13. b3 O-O 14. c4 c5
15. Bb2 cxd4 {(=)} 1/2-1/2

[Event "2.BLO 1516 Bad Mergentheim - SC Garchin"]
[Site "?"]
[Date "2015.09.20"]
[Round "1.4"]
[White "Panzalovic, Srdjan"]
[Black "Bredl, Harald"]
[Result "1/2-1/2"]
[WhiteElo "2445"]
[BlackElo "2351"]
[PlyCount "26"]
[EventDate "2015.??.??"]

1. Nf3 d5 2. d4 Nf6 3. c4 dxc4 4. e3 Bg4 5. Bxc4 e6 6. Qb3 Bxf3 7. gxf3 Nbd7 8.
Nc3 Nb6 9. Be2 Bd6 10. e4 e5 11. Rg1 O-O 12. dxe5 Bxe5 13. f4 Bd4 1/2-1/2

[Event "2.BLO 1516 Bad Mergentheim - SC Garchin"]
[Site "?"]
[Date "2015.09.20"]
[Round "1.5"]
[White "Levushkina, Elena"]
[Black "Gasthofer, Alexander"]
[Result "1/2-1/2"]
[WhiteElo "2320"]
[BlackElo "2440"]
[PlyCount "24"]
[EventDate "2015.??.??"]

1. e4 e6 2. d4 d5 3. Nd2 Be7 4. Bd3 c5 5. dxc5 Nf6 6. Qe2 O-O 7. Ngf3 a5 8. O-O
Na6 9. e5 Nd7 10. c4 Ndxc5 11. Bb1 Nb4 12. Rd1 Qc7 1/2-1/2

[Event "2.BLO 1516 Bad Mergentheim - SC Garchin"]
[Site "?"]
[Date "2015.09.20"]
[Round "1.6"]
[White "Gasthofer, Viktor"]
[Black "Seifert, Volker"]
[Result "1-0"]
[WhiteElo "2303"]
[BlackElo "2347"]
[PlyCount "41"]
[EventDate "2015.??.??"]

1. Nf3 e6 2. g3 Nf6 3. Bg2 d5 4. O-O Be7 5. c4 O-O 6. d4 b6 7. cxd5 exd5 8. Nc3
Bb7 9. Ne5 Na6 10. Bf4 c5 11. Rc1 Nc7 12. dxc5 bxc5 13. Qa4 Ne6 14. Rfd1 Nxf4
15. gxf4 Qb6 16. Nxd5 Bxd5 17. Bxd5 Nxd5 18. Rxd5 Qxb2 19. Qc2 Qb6 20. Nd7 Qe6
21. Nxf8 1-0

[Event "2.BLO 1516 Bad Mergentheim - SC Garchin"]
[Site "?"]
[Date "2015.09.20"]
[Round "1.7"]
[White "Ruecker, Benjamin"]
[Black "Raps, Johannes"]
[Result "0-1"]
[WhiteElo "2284"]
[BlackElo "2138"]
[PlyCount "134"]
[EventDate "2015.??.??"]

1. d4 d5 2. c4 e6 3. Nf3 Nf6 4. g3 Be7 5. Bg2 O-O 6. O-O b6 7. cxd5 exd5 8. Nc3
Bb7 9. Bf4 Na6 10. Qa4 Qd7 11. Qxd7 Nxd7 12. Rfd1 Rfd8 13. Rac1 c6 14. e4 dxe4
15. Nxe4 Rac8 16. Bd6 Bf8 17. Bh3 c5 18. d5 Bxd6 19. Nxd6 Rb8 20. Be6 fxe6 21.
Nxb7 Re8 22. Nd6 Re7 23. Re1 Nc7 24. Rcd1 Nf8 25. Ne5 Ra8 26. Nc6 Rd7 27. dxe6
Nfxe6 28. Ne5 Rdd8 29. Nc6 Rd7 30. Nf5 Rf7 31. Nfe7+ Kf8 32. f4 Re8 33. Nd5 Nb5
34. Ne5 Rb7 35. Rd3 Ned4 36. Nc3 Nd6 37. Kf2 Nf7 38. Nc4 Rxe1 39. Kxe1 Re7+ 40.
Kf1 g5 41. Nd5 Re6 42. Ra3 b5 43. Nce3 gxf4 44. Nxf4 Rh6 45. Ng4 Rd6 46. Rxa7
Ng5 47. Ne5 c4 48. h4 Ne4 49. Rxh7 Nxg3+ 50. Kg2 Ngf5 51. h5 Ne3+ 52. Kh3 Ndf5
53. Nfg6+ Kg8 54. Rd7 Rxd7 55. Nxd7 b4 56. Nf6+ Kg7 57. Ne4 Nd1 58. a4 Nxb2 59.
a5 c3 60. a6 Na4 61. a7 Nb6 62. Nc5 c2 63. Nb3 Nd4 64. Nxd4 c1=Q 65. Nf5+ Kf6
66. Ng3 b3 67. Nf8 Qc8+ 0-1

[Event "2.BLO 1516 Bad Mergentheim - SC Garchin"]
[Site "?"]
[Date "2015.09.20"]
[Round "1.8"]
[White "Hauke, Christian"]
[Black "Dehlinger, Alexander"]
[Result "1/2-1/2"]
[WhiteElo "2192"]
[BlackElo "2271"]
[PlyCount "57"]
[EventDate "2015.??.??"]

1. Nf3 Nf6 2. c4 e6 3. e3 b6 4. b3 Bb7 5. Bb2 d5 6. Be2 Bd6 7. Nc3 O-O 8. cxd5
exd5 9. Nb5 Be7 10. O-O a6 11. Nbd4 Re8 12. Nf5 Bf8 13. Rc1 Nbd7 14. Rc2 d4 15.
N3xd4 c5 16. Bf3 Bd5 17. Nc6 Bxf3 18. Qxf3 Qc7 19. d4 Rac8 20. Ne5 g6 21. Nxd7
Qxd7 22. dxc5 Qc6 23. Nd4 Qxf3 24. Nxf3 Nd5 25. Rd1 Nb4 26. Rc4 bxc5 27. Kf1
Nxa2 28. Ng5 f5 29. Rd7 {(=)} 1/2-1/2

[Event "2.BLO 1516 SF Neuberg - MSA Zugzwang"]
[Site "?"]
[Date "2015.09.20"]
[Round "1.1"]
[White "Bromberger, Stefan"]
[Black "Lubbe, Nikolas"]
[Result "0-1"]
[WhiteElo "2538"]
[BlackElo "2506"]
[PlyCount "48"]
[EventDate "2015.??.??"]

1. e4 c5 2. Nf3 Nc6 3. d4 cxd4 4. Nxd4 Nf6 5. Nc3 d6 6. Bg5 e6 7. Qd2 a6 8.
O-O-O Bd7 9. f3 Nxd4 10. Qxd4 Be7 11. Kb1 Rc8 12. h4 O-O 13. g4 b5 14. a3 Qc7
15. Qd2 Rfd8 16. h5 Bc6 17. h6 d5 18. Qe1 d4 19. Ne2 Bxe4 20. fxe4 Qxc2+ 21.
Ka1 d3 22. hxg7 Nxe4 23. Nd4 Rxd4 24. Rc1 Bxg5 0-1

[Event "2.BLO 1516 SF Neuberg - MSA Zugzwang"]
[Site "?"]
[Date "2015.09.20"]
[Round "1.2"]
[White "Ohme, Melanie"]
[Black "Kindermann, Stefan"]
[Result "0-1"]
[WhiteElo "2308"]
[BlackElo "2510"]
[PlyCount "82"]
[EventDate "2015.??.??"]

1. e4 e6 2. d4 d5 3. Nc3 Nf6 4. e5 Nfd7 5. f4 c5 6. Nf3 Nc6 7. Be3 cxd4 8. Nxd4
Bc5 9. Qd2 O-O 10. O-O-O a6 11. Qf2 Nxd4 12. Bxd4 b6 13. g3 Qc7 14. Bh3 Bb7 15.
Rhe1 Rfe8 16. f5 exf5 17. Bxc5 Nxc5 18. Nxd5 Bxd5 19. Rxd5 g6 20. Qd2 Rad8 21.
Rxd8 Rxd8 22. Qc3 Qd7 23. Bg2 Ne4 24. Bxe4 fxe4 25. b3 Qd5 26. Qc7 Rd7 27. Qc8+
Rd8 28. Qc7 Re8 29. Qxb6 Qxe5 30. Qe3 Qa1+ 31. Kd2 Qxa2 32. Qc3 Qa3 33. Qc4
Qa5+ 34. b4 Qe5 35. Rf1 Re7 36. Ke3 Rc7 37. Qxa6 Rxc2 38. Qa8+ Kg7 39. Qa1 Rc3+
40. Ke2 Kh6 41. Qa8 Qd4 0-1

[Event "2.BLO 1516 SF Neuberg - MSA Zugzwang"]
[Site "?"]
[Date "2015.09.20"]
[Round "1.3"]
[White "Hertneck, Gerald"]
[Black "Wahedi, Ahmad Siar"]
[Result "1-0"]
[WhiteElo "2456"]
[BlackElo "2280"]
[PlyCount "95"]
[EventDate "2015.??.??"]

1. d4 d5 2. c4 c6 3. Nf3 Nf6 4. Nc3 g6 5. e3 Bg7 6. Be2 O-O 7. O-O b6 8. cxd5
cxd5 9. b4 Ne4 10. Bb2 Bb7 11. b5 Nd7 12. a4 Nxc3 13. Bxc3 Rc8 14. Qb3 Nf6 15.
Bb4 Ne4 16. a5 Rc7 17. Ne5 Qb8 18. axb6 axb6 19. Nc6 Bxc6 20. bxc6 Rxc6 21.
Qxd5 Re6 22. Qb3 Nd6 23. Bf3 Rf6 24. Rfc1 Rxf3 25. gxf3 Nf5 26. Qd5 Bf6 27. Ra6
Bh4 28. f4 Rd8 29. Qe4 Nd6 30. Qf3 Kg7 31. Bxd6 Qxd6 32. Rb1 Rb8 33. Ra8 Rxa8
34. Qxa8 g5 35. fxg5 Qg6 36. Re1 Qd3 37. Qc6 Bxg5 38. Kh1 e6 39. Rg1 Kf6 40.
Qxb6 Qe4+ 41. Rg2 Bh4 42. Qd8+ Kf5 43. Qa5+ Kf6 44. Qh5 Ke7 45. f3 Qb1+ 46. Rg1
Be1 47. Qc5+ Kd7 48. Qa7+ 1-0

[Event "2.BLO 1516 SF Neuberg - MSA Zugzwang"]
[Site "?"]
[Date "2015.09.20"]
[Round "1.4"]
[White "Kuenstler, Christian"]
[Black "Zysk, Robert"]
[Result "0-1"]
[WhiteElo "2225"]
[BlackElo "2396"]
[PlyCount "64"]
[EventDate "2015.??.??"]

1. c4 e6 2. g3 Nf6 3. Bg2 d5 4. Nf3 Nbd7 5. b3 Be7 6. Bb2 O-O 7. O-O b6 8. Nc3
Bb7 9. Rc1 c5 10. cxd5 Nxd5 11. d4 Rc8 12. Nxd5 Bxd5 13. dxc5 Nxc5 14. Ne5 Bxg2
15. Kxg2 Qc7 16. Nf3 Qb7 17. Rc2 Rfd8 18. Rd2 f6 19. Rxd8+ Rxd8 20. Qc2 Qd5 21.
Kg1 e5 22. Rc1 Ne6 23. Qc6 e4 24. Nh4 Bc5 25. Qxd5 Rxd5 26. b4 Bxb4 27. Rc4 Bf8
28. Rxe4 Kf7 29. Ra4 a5 30. Ba3 Nc5 31. Bxc5 Bxc5 32. Rc4 Rd2 0-1

[Event "2.BLO 1516 SF Neuberg - MSA Zugzwang"]
[Site "?"]
[Date "2015.09.20"]
[Round "1.5"]
[White "Lammers, Markus"]
[Black "Overbeck, Thorsten"]
[Result "1-0"]
[WhiteElo "2343"]
[BlackElo "2319"]
[PlyCount "75"]
[EventDate "2015.??.??"]

1. Nf3 d5 2. d4 Nf6 3. c4 c6 4. e3 Bf5 5. Nc3 e6 6. Nh4 Be4 7. f3 Bg6 8. g3 Be7
9. Be2 Nbd7 10. O-O O-O 11. Nxg6 hxg6 12. Qb3 Qc7 13. cxd5 Nxd5 14. e4 Nxc3 15.
bxc3 e5 16. a4 Qb6 17. Qc4 Qa5 18. Be3 Rad8 19. Qb3 b6 20. Rad1 exd4 21. cxd4
Qb4 22. Qxb4 Bxb4 23. Rc1 c5 24. d5 Rfe8 25. Bb5 Re7 26. Rc2 Nf6 27. Rd1 Ne8
28. Bf4 Nd6 29. Bf1 f6 30. e5 Nf5 31. d6 Rxe5 32. Bxe5 fxe5 33. Bc4+ Kf8 34.
Re2 Bc3 35. f4 Bd4+ 36. Kh1 exf4 37. Rf1 Be3 38. g4 1-0

[Event "2.BLO 1516 SF Neuberg - MSA Zugzwang"]
[Site "?"]
[Date "2015.09.20"]
[Round "1.6"]
[White "Seifert, Christopher"]
[Black "Eichler, Christoph"]
[Result "1/2-1/2"]
[WhiteElo "2299"]
[BlackElo "2343"]
[PlyCount "38"]
[EventDate "2015.??.??"]

1. c4 e6 2. Nf3 d5 3. b3 Nf6 4. Bb2 Be7 5. g3 O-O 6. Bg2 c5 7. O-O Nc6 8. e3 d4
9. exd4 cxd4 10. Re1 Bc5 11. Ne5 Nxe5 12. Rxe5 Qc7 13. Qe2 Rd8 14. d3 Rb8 15.
Na3 b6 16. Qe1 Bb4 17. Qe2 Bc5 18. Qe1 Bb4 19. Qe2 Bc5 1/2-1/2

[Event "2.BLO 1516 SF Neuberg - MSA Zugzwang"]
[Site "?"]
[Date "2015.09.20"]
[Round "1.7"]
[White "Hoffmeyer, Falk"]
[Black "Lutz, Klaus-Juergen"]
[Result "1-0"]
[WhiteElo "2309"]
[BlackElo "2286"]
[PlyCount "59"]
[EventDate "2015.??.??"]

1. d4 d6 2. c4 e5 3. d5 f5 4. Nc3 Nf6 5. e4 Na6 6. exf5 Bxf5 7. Bd3 Bxd3 8.
Qxd3 Nc5 9. Qc2 Qd7 10. h3 e4 11. Be3 Nd3+ 12. Kf1 Qf5 13. Nge2 O-O-O 14. Nd4
Qg6 15. Qa4 a6 16. b4 Nd7 17. Ne6 Re8 18. Qa5 Nb6 19. Bxb6 cxb6 20. Qxb6 Rxe6
21. dxe6 Qf6 22. Rc1 e3 23. Rc2 e2+ 24. Kxe2 Nf4+ 25. Kd1 Nxe6 26. Re1 Be7 27.
Nd5 Qa1+ 28. Rc1 Qxa2 29. Rxe6 Qb3+ 30. Ke1 1-0

[Event "2.BLO 1516 SF Neuberg - MSA Zugzwang"]
[Site "?"]
[Date "2015.09.20"]
[Round "1.8"]
[White "Schaffer, Hendrik"]
[Black "Dengler, Dijana"]
[Result "1-0"]
[WhiteElo "2252"]
[BlackElo "2085"]
[PlyCount "99"]
[EventDate "2015.??.??"]

1. d4 d5 2. c4 c6 3. Nf3 Nf6 4. e3 a6 5. b3 Bf5 6. Be2 e6 7. O-O Bd6 8. Bb2 h6
9. Nbd2 O-O 10. Ne5 Nfd7 11. f4 f6 12. Nd3 Rf7 13. g4 Be4 14. cxd5 cxd5 15.
Nxe4 dxe4 16. Nf2 Nb6 17. Nxe4 Bf8 18. Ng3 Nc6 19. a3 Rd7 20. Qd3 Rc8 21. Nh5
Rd5 22. Rad1 Ne7 23. Qe4 Rc6 24. Rc1 f5 25. gxf5 exf5 26. Qg2 Rg6 27. Ng3 Rd7
28. Bh5 Re6 29. e4 fxe4 30. Bg4 Rg6 31. Bxd7 Qxd7 32. Qxe4 h5 33. Kh1 h4 34.
Ne2 Qh3 35. Qf3 Qf5 36. Rg1 Re6 37. Rg5 Qf7 38. Rc7 h3 39. Ng1 Re1 40. Rc1 Re6
41. Nxh3 Rh6 42. Rf1 Nf5 43. Rg4 Nd5 44. Re1 Nf6 45. Rg5 Qd7 46. Nf2 Nh4 47.
Qd3 Nh5 48. Ng4 Rh7 49. Qc4+ Kh8 50. Ne5 1-0

[Event "2.BLO 1516 SC Forchheim - SG Leipzig"]
[Site "?"]
[Date "2015.09.20"]
[Round "1.1"]
[White "Voigt, Roland"]
[Black "Jirovsky, Milos"]
[Result "0-1"]
[WhiteElo "2457"]
[BlackElo "2456"]
[PlyCount "70"]
[EventDate "2015.??.??"]

1. c4 c5 2. Nf3 g6 3. g3 Bg7 4. Bg2 Nc6 5. O-O e6 6. Nc3 Nge7 7. d3 O-O 8. Bd2
b6 9. Rb1 Bb7 10. a3 d5 11. cxd5 exd5 12. b4 c4 13. dxc4 dxc4 14. Qc1 Nd4 15.
Nxd4 Bxg2 16. Kxg2 Qxd4 17. f3 Rac8 18. Rd1 Nd5 19. Nb5 Qe5 20. e4 c3 21. Bg5
Nf6 22. Bxf6 Qxb5 23. Bxg7 Qe2+ 24. Kh3 Kxg7 25. Rf1 Rfd8 26. Qe1 Qa2 27. Ra1
Qe6+ 28. Kg2 Rd2+ 29. Rf2 Rcd8 30. Kg1 Kg8 31. Rxd2 Rxd2 32. Rd1 Qd7 33. Rxd2
Qxd2 34. Kf1 Qd3+ 35. Qe2 Qb1+ 0-1

[Event "2.BLO 1516 SC Forchheim - SG Leipzig"]
[Site "?"]
[Date "2015.09.20"]
[Round "1.2"]
[White "Jansa, Vlastimil"]
[Black "Langrock, Hannes"]
[Result "0-1"]
[WhiteElo "2465"]
[BlackElo "2398"]
[PlyCount "92"]
[EventDate "2015.??.??"]

1. e4 e6 2. d4 d5 3. Nd2 Nf6 4. e5 Nfd7 5. c3 c5 6. f4 Nc6 7. Ndf3 Qb6 8. g3
Be7 9. Bh3 cxd4 10. cxd4 f6 11. Ne2 O-O 12. Nc3 fxe5 13. Bxe6+ Kh8 14. Nxd5 Qa6
15. Nxe7 Nxe7 16. Bb3 exd4 17. Qe2 Qxe2+ 18. Kxe2 Nc6 19. Bd2 Nc5 20. Bd5 Re8+
21. Kd1 Nd3 22. Be1 Ncb4 23. Bxb4 Nxb4 24. Bf7 Bg4 25. Bxe8 Bxf3+ 26. Kd2 Bxh1
27. Re1 Rc8 28. Ba4 Bc6 29. Bb3 Bd5 30. Bxd5 Nxd5 31. Re4 Kg8 32. Rxd4 Nf6 33.
f5 Rc5 34. g4 Rd5 35. Rxd5 Nxd5 36. a3 h5 37. gxh5 Kf7 38. Kd3 Ne7 39. Ke4 Kf6
40. a4 a5 41. Kd4 b6 42. Ke4 Kg5 43. Ke5 Nxf5 44. Ke4 Kg4 45. b3 Kg5 46. Kd5
Kxh5 0-1

[Event "2.BLO 1516 SC Forchheim - SG Leipzig"]
[Site "?"]
[Date "2015.09.20"]
[Round "1.3"]
[White "Richter, Leonard"]
[Black "Seyb, Alexander"]
[Result "0-1"]
[WhiteElo "2281"]
[BlackElo "2428"]
[PlyCount "98"]
[EventDate "2015.??.??"]

1. e4 c5 2. Nf3 d6 3. d4 cxd4 4. Nxd4 Nf6 5. Nc3 a6 6. Bg5 Nbd7 7. f4 Qc7 8.
Qe2 e5 9. Nf5 h6 10. Bxf6 Nxf6 11. Ne3 exf4 12. Ned5 Nxd5 13. Nxd5 Qa5+ 14. b4
Qd8 15. Qf2 Be7 16. Qxf4 Be6 17. Bd3 Bxd5 18. exd5 Qb6 19. Qe4 O-O-O 20. O-O-O
Rhe8 21. Qd4 Bg5+ 22. Kb1 Qxd4 23. Bf5+ Kb8 24. Rxd4 Re2 25. Bh3 Rde8 26. Rhd1
Bf6 27. Rc4 Be5 28. a3 g6 29. Bd7 Rd8 30. Bh3 Bxh2 31. Rf1 Rf8 32. Be6 Rxg2 33.
Rxf7 Rxf7 34. Rc8+ Ka7 35. Bxf7 Be5 36. c4 a5 37. c5 axb4 38. axb4 g5 39. cxd6
Bxd6 40. b5 Kb6 41. Rd8 Kc5 42. Rd7 b6 43. Rd8 g4 44. Rc8+ Kd4 45. Rd8 Ke5 46.
Rg8 g3 47. Rg6 Rf2 48. Re6+ Kxd5 49. Bg8 g2 0-1

[Event "2.BLO 1516 SC Forchheim - SG Leipzig"]
[Site "?"]
[Date "2015.09.20"]
[Round "1.4"]
[White "Heidrich, Manfred"]
[Black "Rausch, Stephan"]
[Result "1-0"]
[WhiteElo "2348"]
[BlackElo "2279"]
[PlyCount "71"]
[EventDate "2015.??.??"]

1. f4 d5 2. Nf3 Nf6 3. g3 c5 4. Bg2 Nc6 5. O-O g6 6. d3 Bg7 7. Qe1 O-O 8. e4
dxe4 9. dxe4 Re8 10. Nc3 Nd4 11. Qd2 Ng4 12. h3 Nxf3+ 13. Rxf3 Qxd2 14. Bxd2
Rd8 15. Rd3 Bd4+ 16. Kf1 Nf2 17. Rxd4 cxd4 18. Nd5 Nxh3 19. Nxe7+ Kf8 20. Nxc8
Raxc8 21. Rc1 Nxf4 22. gxf4 Kg7 23. Ke2 Rxc2 24. Rxc2 d3+ 25. Kd1 dxc2+ 26.
Kxc2 h5 27. Bc3+ Kf8 28. Bf6 Rc8+ 29. Kd2 b6 30. b3 Rc6 31. e5 Rc7 32. Bh3 Rc5
33. Bf1 Rc7 34. Bd3 Rc6 35. a4 Re6 36. Bb5 1-0

[Event "2.BLO 1516 SC Forchheim - SG Leipzig"]
[Site "?"]
[Date "2015.09.20"]
[Round "1.5"]
[White "Liedtke, Matthias"]
[Black "Ott, Florian"]
[Result "0-1"]
[WhiteElo "2294"]
[BlackElo "2273"]
[PlyCount "48"]
[EventDate "2015.??.??"]

1. e4 c5 2. Nc3 a6 3. g3 b5 4. Bg2 Bb7 5. Nge2 Nf6 6. O-O e6 7. e5 Bxg2 8. Kxg2
Ng8 9. d4 Nc6 10. Re1 cxd4 11. Nxd4 Qb6 12. Nb3 Qc7 13. Bf4 Nge7 14. Qf3 Ng6
15. Rad1 Be7 16. Ne4 O-O 17. Nec5 Ncxe5 18. Rxe5 Nxe5 19. Nxd7 Qxd7 20. Bxe5
Qc8 21. Nd4 Re8 22. Nc6 Bf8 23. Rd4 Qb7 24. Bf6 Rac8 0-1

[Event "2.BLO 1516 SC Forchheim - SG Leipzig"]
[Site "?"]
[Date "2015.09.20"]
[Round "1.6"]
[White "Bartsch, Berthold"]
[Black "Boehnisch, Manfred"]
[Result "0-1"]
[WhiteElo "2323"]
[BlackElo "2295"]
[PlyCount "96"]
[EventDate "2015.??.??"]

1. Nc3 d5 2. e4 c6 3. g3 dxe4 4. Nxe4 Bf5 5. Bg2 Nd7 6. Ne2 Ngf6 7. Nxf6+ Nxf6
8. O-O Qd7 9. d4 Bh3 10. Bxh3 Qxh3 11. Nf4 Qd7 12. c3 g6 13. Nd3 Bg7 14. Re1
Nd5 15. Nc5 Qc8 16. c4 Nb6 17. Bg5 e6 18. Ne4 O-O 19. Be7 Nxc4 20. Bxf8 Qxf8
21. Qc2 Nd6 22. Nxd6 Qxd6 23. Qc5 Qxd4 24. Qxd4 Bxd4 25. Re2 e5 26. Kg2 f6 27.
Rd1 c5 28. f4 Kf7 29. fxe5 fxe5 30. g4 Ke6 31. Rf1 Rc8 32. g5 Rc7 33. Rf8 c4
34. Kf3 b5 35. Ke4 b4 36. Rf6+ Ke7 37. Rc2 c3 38. b3 Rd7 39. h4 Bb6 40. h5 gxh5
41. Rh2 h4 42. Rh1 Bc7 43. Rh6 Rd4+ 44. Ke3 Bb6 45. Kf3 Rf4+ 46. Ke2 e4 47.
R6xh4 Rf2+ 48. Kd1 c2+ 0-1

[Event "2.BLO 1516 SC Forchheim - SG Leipzig"]
[Site "?"]
[Date "2015.09.20"]
[Round "1.7"]
[White "Schunk, Thomas"]
[Black "Doeres, Hans-Juergen"]
[Result "1/2-1/2"]
[WhiteElo "2187"]
[BlackElo "2208"]
[PlyCount "145"]
[EventDate "2015.??.??"]

1. c4 c6 2. Nf3 Nf6 3. b3 d5 4. Bb2 Bf5 5. d3 e6 6. g3 Be7 7. Bg2 O-O 8. O-O h6
9. Nbd2 Nbd7 10. Rc1 a5 11. Qc2 Bh7 12. cxd5 exd5 13. Bh3 Re8 14. Nd4 Bf8 15.
N2f3 a4 16. Rfe1 axb3 17. axb3 Ba3 18. Ra1 Bxb2 19. Qxb2 Qb6 20. Rxa8 Rxa8 21.
Ra1 Rxa1+ 22. Qxa1 c5 23. Qa4 Nf8 24. Nc2 g5 25. Ne5 Qd6 26. Ng4 Nxg4 27. Bxg4
Ne6 28. Qa8+ Nd8 29. Ne3 Kg7 30. Bf3 d4 31. Nc4 Qe7 32. Qb8 Bf5 33. Nd6 Be6 34.
Nc4 Bf5 35. Qd6 Qxd6 36. Nxd6 Be6 37. Bxb7 Bxb3 38. Bc8 Nc6 39. f4 gxf4 40.
gxf4 Ne7 41. Kf2 Nxc8 42. Nxc8 Kf6 43. Nd6 Bd5 44. e4 dxe3+ 45. Kxe3 Ke6 46.
Ne4 c4 47. dxc4 Bxc4 48. Kd4 Bf1 49. f5+ Ke7 50. Ke5 Bg2 51. f6+ Kf8 52. Nf2
Kg8 53. Kd6 Bf3 54. Nd3 Bd1 55. Nf4 Bb3 56. Nd3 Bd1 57. Ke7 Bb3 58. Ne5 Bd5 59.
h4 Bb3 60. h5 Be6 61. Ke8 Bb3 62. Ng4 Kh7 63. Kf8 Bd1 64. Ne5 Bxh5 65. Nxf7 Bd1
66. Ke7 Bb3 67. Nd8 Kg8 68. Ne6 Bxe6 69. Kxe6 Kf8 70. f7 h5 71. Kf5 Kxf7 72.
Kg5 h4 73. Kxh4 1/2-1/2

[Event "2.BLO 1516 SC Forchheim - SG Leipzig"]
[Site "?"]
[Date "2015.09.20"]
[Round "1.8"]
[White "Mann, Johannes"]
[Black "Gempe, Thomas"]
[Result "1/2-1/2"]
[WhiteElo "2215"]
[BlackElo "2196"]
[PlyCount "92"]
[EventDate "2015.??.??"]

1. d4 Nf6 2. c4 g6 3. Nc3 d5 4. Bg5 Bg7 5. e3 c5 6. dxc5 Qa5 7. Qd2 dxc4 8.
Bxc4 Qxc5 9. Bxf6 Bxf6 10. Nd5 Qd6 11. Ne2 O-O 12. Nec3 Bxc3 13. Qxc3 b5 14.
Bb3 Na6 15. Rd1 Bb7 16. h4 Rac8 17. Qd3 Bxd5 18. Qxd5 Qb4+ 19. Ke2 e6 20. Qe5
Qg4+ 21. Kf1 Rfd8 22. f3 Rxd1+ 23. Bxd1 Qc4+ 24. Kf2 Nc5 25. Be2 Nd3+ 26. Bxd3
Qxd3 27. h5 Qc2+ 28. Kg3 Qc7 29. Qxc7 Rxc7 30. h6 Kf8 31. Rh4 Ke7 32. Rb4 Rc5
33. f4 a5 34. Rb3 Kd6 35. Kf3 Kc6 36. g4 Rc2 37. Ke4 f6 38. g5 Rc4+ 39. Kf3 f5
40. Ke2 Kc5 41. Kd2 Kc6 42. Rd3 Rc5 43. Rd4 Rd5 44. Kd3 Kc5 45. Rxd5+ Kxd5 46.
e4+ Kc5 1/2-1/2

[Event "2.BLO 1516 SK Göggingen - AE Magdeburg"]
[Site "?"]
[Date "2015.09.20"]
[Round "1.1"]
[White "Heinemann, Josefine"]
[Black "Rozentalis, Eduardas"]
[Result "0-1"]
[WhiteElo "2244"]
[BlackElo "2528"]
[PlyCount "72"]
[EventDate "2015.??.??"]

1. e4 e6 2. d4 d5 3. Nc3 Nc6 4. Nf3 Nf6 5. Bd3 Bb4 6. O-O Bxc3 7. exd5 Nxd4 8.
bxc3 Nxf3+ 9. Qxf3 Qxd5 10. Qg3 Bd7 11. c4 Qc6 12. Be3 O-O 13. Bd4 Ne8 14. Rfe1
f5 15. Qh4 Nf6 16. Re3 Rf7 17. Rg3 Raf8 18. Re1 Qd6 19. Be5 Qb4 20. c3 Qb2 21.
Qd4 Qd2 22. Rf1 Bc6 23. Qh4 Be4 24. Bxe4 Nxe4 25. Rh3 h6 26. Bf4 Qd8 27. Qh5
Qf6 28. Qd1 e5 29. Bc1 f4 30. Rd3 Qg6 31. Kh1 Kh7 32. f3 Ng3+ 33. hxg3 Qh5+ 34.
Kg1 fxg3 35. Re1 Qh2+ 36. Kf1 Qh1+ 0-1

[Event "2.BLO 1516 SK Göggingen - AE Magdeburg"]
[Site "?"]
[Date "2015.09.20"]
[Round "1.2"]
[White "Nestorovic, Nikola"]
[Black "Andre, Gordon"]
[Result "1/2-1/2"]
[WhiteElo "2449"]
[BlackElo "2257"]
[PlyCount "253"]
[EventDate "2015.??.??"]

1. e4 c6 2. d4 d5 3. e5 c5 4. dxc5 e6 5. Bd3 Nd7 6. Nf3 Nxc5 7. Be2 Ne7 8. O-O
Nc6 9. c4 Be7 10. Be3 dxc4 11. Qxd8+ Nxd8 12. Bxc4 a6 13. Rc1 Nc6 14. Nbd2 Nd7
15. Bf4 h6 16. h4 g5 17. hxg5 hxg5 18. Nxg5 Ndxe5 19. Ngf3 Bd6 20. Be3 f5 21.
Nxe5 Bxe5 22. Rab1 Bd7 23. Nf3 Bf6 24. Bb6 Rc8 25. Re1 e5 26. Rbd1 e4 27. b3
Rh7 28. Nd2 Ne5 29. f3 exf3 30. Nxf3 Re7 31. Nxe5 Bxe5 32. Re3 Rc6 33. Rde1 Bf6
34. Rxe7+ Bxe7 35. Bf2 Kd8 36. Bd5 Rc2 37. Bxb7 Bc5 38. Bxc5 Rxc5 39. Bxa6 Ra5
40. Bc4 Rxa2 41. Re2 Ra1+ 42. Kh2 Bc6 43. Kg3 Rb1 44. Kf4 Rf1+ 45. Ke5 Kc7 46.
Re3 Rf2 47. g3 Bd7 48. Bd5 Kb6 49. Rc3 Rd2 50. Kd6 Be8 51. Ke6 Bh5 52. Bf3 Bg6
53. Kf6 Bh7 54. Bh5 Rh2 55. Bf7 Rf2 56. Kg5 Re2 57. Kh6 Rh2+ 58. Kg7 Rh3 59.
Rc4 Rxg3+ 60. Kxh7 Rxb3 61. Kg6 Rf3 62. Kg5 Rf2 63. Bd5 Kb5 64. Rc1 Kb4 65. Be6
f4 66. Bd5 Ka3 67. Kg4 Kb2 68. Rc4 Rf1 69. Bf3 Rc1 70. Rb4+ Kc3 71. Rb8 Kd4 72.
Rd8+ Ke5 73. Rd5+ Ke6 74. Kxf4 Rf1 75. Ra5 Kd6 76. Ke3 Rb1 77. Be4 Re1+ 78. Kd4
Rd1+ 79. Bd3 Ke6 80. Ra6+ Ke7 81. Ke4 Re1+ 82. Kf5 Rd1 83. Be4 Rc1 84. Ke5 Rc5+
85. Bd5 Rc7 86. Rh6 Kd8 87. Bc6 Ke7 88. Bd5 Kd8 89. Ra6 Ke7 90. Ra5 Kd7 91. Ra6
Ke7 92. Re6+ Kd7 93. Kd4 Ra7 94. Bc4 Rc7 95. Rb6 Ke7 96. Rh6 Rd7+ 97. Bd5 Rc7
98. Ke5 Kd8 99. Be6 Ke7 100. Rh7+ Kd8 101. Rh1 Ke7 102. Rf1 Rc5+ 103. Bd5 Rc7
104. Re1 Kd7 105. Kd4 Kd6 106. Bb3 Re7 107. Ra1 Rc7 108. Ra6+ Ke7 109. Ke5 Rc5+
110. Bd5 Rc7 111. Re6+ Kd7 112. Bb3 Rc5+ 113. Kd4 Rc7 114. Kd5 Ra7 115. Ke5
Ra5+ 116. Bd5 Ra7 117. Kf6 Rc7 118. Be4 Rc1 119. Rb6 Kc7 120. Rb4 Kd6 121. Rb6+
Kc7 122. Ra6 Kd7 123. Ke5 Rc5+ 124. Bd5 Rc7 125. Kf6 Rc1 126. Ke5 Rc7 127. Bb3
1/2-1/2